[Event "17th Delhi GM Open 2019"]
[Site "Delhi"]
[Date "2019.01.15"]
[Round "9"]
[White "Mohammad Nubairshah Shaikh"]
[Black "Sangma, Rahul"]
[Result "1-0"]
[WhiteElo "2437"]
[BlackElo "2298"]
[Annotator "TA"]
[PlyCount "101"]
[EventDate "2019.01.09"]
[EventType "swiss"]
[EventCountry "IND"]
[SourceTitle "playchess.com"]
[Source "ChessBase"]
[SourceQuality "1"]

{[%evp 19,101,58,50,51,82,78,64,35,62,16,18,19,13,12,49,40,50,29,47,43,42,28,43,0,39,15,45,39,37,12,61,16,153,131,114,54,55,-19,136,136,137,138,147,143,195,198,366,381,483,476,468,481,466,466,432,268,181,269,274,265,258,260,237,218,211,206,241,226,219,231,219,219,382,394,583,576,548,256,537,259,235,213,1419,1600]} 1. d4 e6 2. c4 Nf6 3. Nc3 Bb4 4. e3 O-O 5. Nge2 Re8 6. a3 Bf8 7. d5 exd5 8. cxd5 d6 {E46: Nimzo-Indian: Rubinstein: 4 e3 0-0 5 Ne2 without early Bd3} 9. Ng3 c5 10. Be2 g6 {LiveBook: 3 Games. White is slightly better.} (10... b6 11. O-O Ba6 12. Bxa6 Nxa6 13. e4 Nc7 14. b4 g6 15. Bg5 h6 16. Bf4 {½-½ (34) Sasikiran,K (2660)-Lupulescu,C (2634) Tromsoe 2013}) 11. e4 Na6 12. O-O Nc7 13. Qc2 $146 ({Predecessor:} 13. Re1 Bg7 14. Bf4 Bf8 15. Qd2 {0-1 (40) Shweta,G (1901)-Swati,G (2281) Chennai 2016}) 13... Bd7 14. b4 cxb4 15. axb4 a6 16. Be3 Rc8 17. Qd2 Bg7 18. Rfc1 Qe7 19. f3 h5 20. Bg5 Qf8 21. Nh1 Nh7 22. Be3 f5 23. Nf2 Qe7 24. Ra2 {[%cal Ba1a2,Ba2c2,Bc2c8][%mdl 32]} g5 25. Bd4 Bh6 (25... Bxd4 $11 26. Qxd4 Qg7) 26. Rac2 $36 {[%mdl 2048] Black is under strong pressure.} Qf8 27. Na4 (27. Ncd1 $16 g4 28. f4) 27... g4 $14 28. Be3 ({White should try} 28. f4 $1 $14 Bxa4 29. Rxc7) 28... f4 $2 ({Better is} 28... Bxe3 $11 29. Qxe3 fxe4 30. Nxe4 (30. Rxc7 $2 Rxc7 31. fxg4 Rxc1+ 32. Qxc1 e3 $19) 30... Nxd5 {[%mdl 64] Double Attack}) 29. Bd4 $16 {Hoping for Nb6.} Na8 {[#]} 30. Rxc8 $1 (30. fxg4 $2 f3 $19) 30... Rxc8 31. Rxc8 (31. fxg4 $2 Rxc1+ 32. Qxc1 f3 $19) 31... Bxc8 (31... Qxc8 $16 32. Nc3 Ng5) 32. e5 $18 g3 $2 (32... Bf5 {keeps fighting.} 33. Nc3 (33. fxg4 f3 $14) 33... dxe5 34. Bxe5 Nb6) 33. Ne4 gxh2+ 34. Kxh2 Bd7 35. Nac3 dxe5 36. Bxe5 Qe7 37. Qd4 Qh4+ 38. Kg1 Qe1+ 39. Bf1 Qe3+ 40. Qxe3 fxe3 41. Bc4 Nb6 42. Bb3 Be8 43. Kf1 Nd7 44. Bd4 Bf8 45. Nc5 {Strongly threatening Nxd7.} (45. Bxe3 $6 Bxb4 46. d6+ Bf7 $16) 45... Nxc5 $2 (45... Nhf6 {was worth a try.} 46. Ke2 (46. Bxe3 Bd6 $18) 46... Bf7 47. Kxe3 Bd6) 46. bxc5 (46. Bxc5 Nf6 $18) 46... Bg7 (46... Bf7 {was called for.} 47. Ke2 Bg7) 47. d6+ {[%cal Bd5d6,Bd6d7][%mdl 32]} Kf8 48. Bxg7+ Kxg7 49. Ke2 (49. Bd5 $142) 49... Bc6 50. Bd5 {[%mdl 64] [#] And now Bxc6 would win. Overworked Piece} Bxd5 $2 (50... Nf8 51. Bxc6 (51. Kxe3 Bxd5 52. Nxd5 Nd7 $16) 51... bxc6 52. Kxe3 Ne6) 51. d7 {Accuracy: White = 48%, Black = 51%.} ({Less strong is} 51. Nxd5 Nf8 $16) 1-0

[Event "17th Delhi GM Open 2019"]
[Site "Delhi"]
[Date "2019.01.15"]
[Round "9"]
[White "Muthaiah AL"]
[Black "Swati Ghate"]
[Result "1-0"]
[WhiteElo "2406"]
[BlackElo "2216"]
[Annotator "NA"]
[PlyCount "97"]
[EventDate "2019.01.09"]
[EventType "swiss"]
[EventCountry "IND"]
[SourceTitle "playchess.com"]
[Source "ChessBase"]
[SourceQuality "1"]
[TimeControl "5400+30"]

1. Nf3 {[%emt 0:00:00]} d5 {[%emt 0:00:44]} 2. c4 {[%emt 0:00:24]} c6 {[%emt 0:00:15]} 3. d4 {[%emt 0:00:30]} Nf6 {[%emt 0:00:24]} 4. Nc3 {[%emt 0:00:11]} e6 {[%emt 0:00:29]} 5. e3 {[%emt 0:01:53]} Nbd7 {[%emt 0:01:26]} 6. Bd3 $11 {[%emt 0:01:03] LiveBook: 8340 Games} dxc4 {[%emt 0:03:02]} 7. Bxc4 {[%emt 0:00:08]} b5 {[%emt 0:00:01]} 8. Bd3 {[%emt 0:02:56]} Bd6 {[%emt 0:02:00]} 9. O-O {[%emt 0:02:29]} O-O {[%emt 0:05:13]} 10. a3 {[%emt 0:11:42]} Bb7 {[%emt 0:01:39]} 11. e4 {[%emt 0:04:26]} e5 {[%emt 0:00:25]} 12. h3 {[%emt 0:01:53]} a6 {[%emt 0:09:12]} 13. Bg5 {[%emt 0:04:45]} h6 {[%emt 0:03:19]} 14. Be3 {[%emt 0:05:38]} Qc7 {[%emt 0:09:47]} 15. Rc1 {[%emt 0:10:04]} Rad8 {[%emt 0:02:47]} 16. Nd5 {[%emt 0:06:14]} Qb8 {[%emt 0:10:19]} 17. Nxf6+ {[%emt 0:07:12]} Nxf6 {[%emt 0:00:02]} 18. dxe5 {[%emt 0:02:51]} Bxe5 {[%emt 0:00:02]} 19. Nxe5 {[%emt 0:00:19]} Qxe5 {[%emt 0:00:02]} 20. Qc2 {[%emt 0:00:23]} Rfe8 {[%emt 0:00:10]} 21. f4 {[%emt 0:02:38]} Qh5 {[%emt 0:10:01]} 22. Bb6 {[%emt 0:14:28]} Rd7 {[%emt 0:02:17]} 23. e5 {[%emt 0:02:20]} Nd5 {[%emt 0:01:18]} 24. Bc5 {[%emt 0:00:59]} Qh4 {[%emt 0:04:53]} 25. Bh7+ {[%emt 0:03:25]} Kh8 {[%emt 0:00:07]} 26. Bf5 {[%emt 0:00:04]} Rdd8 {[%emt 0:04:16]} 27. Qf2 {[%emt 0:00:33]} Qxf2+ {[%emt 0:00:53]} 28. Rxf2 {[%emt 0:00:02]} a5 {[%emt 0:02:02]} 29. Re1 {[%emt 0:03:54]} a4 {[%emt 0:01:16]} 30. g4 {[%emt 0:00:43]} Bc8 {[%emt 0:04:21]} 31. Bb1 {[%emt 0:01:00]} Kg8 {[%emt 0:00:45]} 32. f5 {[%emt 0:00:53]} Ba6 {[%emt 0:03:35]} 33. e6 {[%emt 0:01:32]} Bc8 {[%emt 0:02:12]} 34. e7 {[%emt 0:01:56]} Rd7 {[%emt 0:00:02]} 35. h4 {[%emt 0:01:48]} Nc7 {[%emt 0:02:54]} 36. f6 {[%emt 0:04:41]} Na6 {[%emt 0:00:16]} 37. Bb6 {[%emt 0:01:03]} Rd6 {[%emt 0:05:40]} 38. g5 {[%emt 0:00:31]} c5 {[%emt 0:01:30]} 39. Bd8 {[%emt 0:00:07]} c4 {[%emt 0:02:09]} 40. Bf5 {[%emt 0:00:41]} Bxf5 {[%emt 0:02:11]} 41. Rxf5 {[%emt 0:00:01]} b4 {[%emt 0:00:00]} 42. fxg7 {[%emt 0:00:22]} hxg5 {[%emt 0:03:09]} 43. hxg5 {[%emt 0:00:11]} c3 {[%emt 0:02:24]} 44. bxc3 {[%emt 0:00:01]} bxc3 {[%emt 0:00:08]} 45. Rf6 {[%emt 0:01:08]} Rxf6 {[%emt 0:01:26]} 46. gxf6 {[%emt 0:00:01]} Nc5 {[%emt 0:00:01]} 47. Ba5 {[%emt 0:00:57]} c2 {[%emt 0:01:15]} 48. Bd2 {[%emt 0:00:40]} Nd3 {[%emt 0:00:41]} 49. Re4 {[%emt 0:01:14]} 1-0

[Event "17th Delhi GM Open 2019"]
[Site "Delhi"]
[Date "2019.01.15"]
[Round "9"]
[White "Saravana, Krishnan P."]
[Black "Predke, Alexandr"]
[Result "0-1"]
[WhiteElo "2346"]
[BlackElo "2620"]
[Annotator "TA"]
[PlyCount "102"]
[EventDate "2019.01.09"]
[EventType "swiss"]
[EventCountry "IND"]
[SourceTitle "playchess.com"]
[Source "ChessBase"]
[SourceQuality "1"]

{[%evp 11,102,-6,8,-11,-9,-17,0,0,6,0,0,-15,-12,-14,0,0,0,0,0,-12,0,0,-10,0,0,-18,2,2,36,0,10,7,27,-15,40,47,38,52,58,47,54,50,37,9,15,20,20,0,0,-28,-15,-56,147,141,132,125,214,197,204,184,415,414,395,396,378,381,374,0,0,0,0,-149,-149,-520,-522,-29977,-29976,-29986,-29987,-29988,-782,-766,-709,-690,-677,-616,-516,-5169,-5106,-1727,-1643,-6075,-5189]} 1. e4 c5 2. Nf3 Nc6 3. Bb5 g6 4. c3 Nf6 5. Qe2 Bg7 6. O-O {B31: Sicilian: 2...Nc6 3 Bb5 g6} Qb6 {LiveBook: 10 Games} (6... O-O 7. h3 e5 8. d3 d6 9. a4 h6 10. Nbd2 Na5 11. Bc4 Nh5 12. Nb3 Nxc4 13. dxc4 Be6 14. Be3 Qe8 15. Nh2 {0-1 (45) Andriasian,Z (2621)-Zhigalko,S (2671) Tallinn 2016}) 7. Ba4 O-O 8. h3 {The position is equal.} d6 9. d3 Bd7 10. Bc2 e5 11. Na3 $146 {[%cal Bb1a3,Ba3c4,Bc4e3,Be3c2][%mdl 32]} ({Predecessor:} 11. Nbd2 Qc7 12. Nc4 d5 13. Ne3 d4 14. Nd5 Nxd5 15. exd5 {0-1 (35) Vadla,Z (2245)-Lisenko,A (2415) Djakovo 1994}) 11... Qc7 12. Bg5 h6 13. Bxf6 Bxf6 14. Nc4 Bg7 15. Ne3 Qd8 16. Bb3 Kh7 17. Bd5 f5 18. Rab1 a5 19. a4 f4 20. Nc2 Qc8 21. Bb3 g5 22. Rfd1 g4 (22... Qe8 $11) 23. hxg4 $14 Bxg4 24. Kf1 Bh5 25. Ke1 $1 Qg4 26. Qf1 $1 Ne7 27. Qh1 Rad8 28. Kf1 d5 {aiming for ...c4!} 29. exd5 Nxd5 30. Nce1 Bf6 31. Rd2 e4 $2 (31... Qg6 $1 $15) 32. dxe4 $16 Ne3+ 33. Kg1 c4 (33... Rxd2 $16 {keeps fighting.} 34. Nxd2 Qe2) 34. Rxd8 $1 $18 (34. fxe3 Rxd2 35. Nxd2 cxb3 $11) 34... Rxd8 {[#]} 35. Ba2 $1 ({Stronger than} 35. fxe3 cxb3 36. exf4 Bg6 $17) 35... Nxg2 $2 (35... Bg6) 36. Qxg2 Qe6 {Strongly threatening ...Rg8.} 37. Qh1 Bg4 {White must now prevent ...Rg8.} 38. e5 $1 {[%cal Re5f6]} Rg8 {[#] Hoping for ...Bxf3+.} 39. Kf1 $2 (39. Nd4 $1 $18 {[%cal Rd4e6]} Qxe5 40. Kf1 (40. Qxb7+ $2 Rg7 $19)) 39... Bh3+ $11 40. Ke2 {Kd2 is the strong threat.} Bxe5 41. Nd2 (41. Nxe5 Qxe5+ 42. Kd2 Rd8+ 43. Nd3 Rxd3+ 44. Kc1 Qe2 45. Ra1 Qd2+ 46. Kb1 Bf5 47. Bxc4 Rxc3+ 48. Qe4 Bxe4+ 49. Ka2 Rxc4 50. Rg1 Rxa4+ 51. Kb3 Bc2#) (41. Kd1 $1 $11 Rd8+ 42. Nd2 (42. Nd4 Bxd4 43. cxd4 Rxd4+ 44. Nd3 Rxd3+ 45. Kc1 Qe2 46. Qxb7+ Bd7 47. Qe4+ Qxe4 48. Ra1 Qe1+ {[%mdl 64] Double Attack} 49. Kc2 Qe2+ 50. Kc1 Qd1#)) 41... Bg4+ $17 42. f3 $2 {[%mdl 8192]} (42. Kf1 $17 f3 43. Nexf3) 42... Bxc3+ $1 $19 43. Kd1 Bxd2 $1 44. fxg4 Rd8 45. Qxb7+ Rd7 (45... Kh8 $142 46. Bxc4 Bb4+ 47. Bd5 Rxd5+ 48. Qxd5 Qxd5+ 49. Kc2 Qe4+ 50. Kb3 Qxb1 51. Kc4 Qxe1 52. Kd4 f3 53. g5 f2 54. g6 f1=Q 55. g7+ Kxg7 56. Kd5 Qd2+ 57. Ke5 Qff4+ 58. Ke6 Qf6#) 46. Qxd7+ {Black is clearly winning.} Qxd7 47. Bxc4 Bb4+ 48. Nd3 Qd4 49. b3 (49. Bb5 $142 f3 50. Kc2) 49... Qg1+ {[%mdl 64] Double Attack} 50. Ke2 Qxb1 51. Nxb4 Qe4+ {Accuracy: White = 40%, Black = 41%.} 0-1

[Event "17th Delhi GM Open 2019"]
[Site "Delhi"]
[Date "2019.01.15"]
[Round "9"]
[White "Kulkarni, Vikramaditya"]
[Black "Rozum, Ivan"]
[Result "0-1"]
[WhiteElo "2345"]
[BlackElo "2589"]
[Annotator "TA"]
[PlyCount "116"]
[EventDate "2019.01.09"]
[EventType "swiss"]
[EventCountry "IND"]
[SourceTitle "playchess.com"]
[Source "ChessBase"]
[SourceQuality "1"]

{[%evp 12,116,20,14,31,13,15,18,25,-49,-39,-48,-39,-53,-12,-37,1,0,0,-4,-7,-49,-16,-221,-211,-172,-166,-110,0,0,0,0,177,108,97,64,100,110,122,129,218,213,193,105,103,94,271,260,288,277,432,278,570,418,433,376,421,417,406,410,421,290,281,0,414,366,775,739,760,750,1320,1313,1080,131,128,154,129,118,61,0,0,0,30,0,27,0,0,0,0,0,0,0,0,-324,-297,-323,-297,-259,-251,-442,-433,-639,-453,-1276,-1147,-1842,-1855]} 1. c4 e5 2. Nc3 Bb4 3. Nd5 Bc5 4. Nf3 c6 5. Nc3 d6 6. e3 {A21: English Opening: 1...e5 2 Nc3} Bb4 7. Qc2 {LiveBook: 12 Games} (7. d4 Nd7 8. Qc2 Ngf6 9. a3 Bxc3+ 10. Qxc3 O-O 11. Be2 Re8 12. b4 e4 {0-1 (47) Caruana,F (2805)-Anand,V (2786) Stavanger 2017 CBM 179 [Hillarp Persson,T]}) 7... f5 8. d4 {White is slightly better.} e4 9. Nd2 $146 ({Predecessor:} 9. Ng1 Nf6 10. Nh3 Be6 11. Nf4 Bf7 12. h4 Nh5 13. Nxh5 Bxh5 {1-0 (32) Terrie,H (1986)-Grant,D Manchester 2016}) 9... Ba5 10. g4 (10. Rb1 $11) 10... Qh4 $15 11. gxf5 Nf6 12. Nb3 Bc7 (12... Bxc3+ $5 13. bxc3 O-O $11) 13. d5 c5 14. Nb5 Na6 15. Bd2 Bxf5 {White should prevent ...0-0.} 16. Na5 Rb8 {aiming for ...0-0.} 17. Nxb7 $2 (17. Nxc7+ $11 {and White is okay.} Nxc7 18. h3) 17... Rxb7 $19 18. Qa4 O-O $1 19. Qxa6 Rxb5 (19... Rb6 $1 $17 {[%cal Rb6a6]} 20. Qxa7 Nd7) 20. cxb5 $11 Bg4 (20... Ng4 $5 21. O-O-O $8 Bb6 $14) 21. h3 $1 Bb8 $2 (21... Nxd5 $6 22. hxg4 Qxf2+ 23. Kd1 $18) (21... Bh5 $1 $11 {and Black has nothing to worry.}) 22. b6 ({Weaker is} 22. hxg4 Qxh1 23. Qb7 Qf3 $11) (22. Qb7 $18) 22... axb6 $16 23. Be2 Bf3 24. Rg1 Qxh3 25. O-O-O (25. Qb7 $6 g6 $11) (25. Bxf3 $6 Qxf3 26. Bc3 (26. Qb7 $2 Ng4 $19) 26... Ng4 $11) 25... Qd7 (25... Bxe2 $16 {was necessary.} 26. Qxe2 Qh5 27. Qxh5 Nxh5) 26. Bxf3 $18 exf3 27. Qxb6 ({Better is} 27. Bc3 $18) 27... Ne4 $16 28. Be1 h5 $2 (28... g5 $16) 29. Rh1 $18 g6 30. Rh4 Ba7 (30... Bc7 $142 31. Qc6 Qxc6 32. dxc6 Nf6) 31. Qa6 Nf6 $2 (31... Re8 32. Qd3 Qe7) 32. Rf4 Ng4 33. Qc6 Qe7 34. Rxf8+ Kxf8 35. Qc8+ Qe8 36. Qc7 Qe7 37. Qc8+ (37. Qc6 $142) 37... Qe8 38. Qb7 Qf7 $2 (38... Qe7 39. Qc8+) 39. Qa8+ Kg7 40. Bc3+ Kh6 41. Qh8+ Kg5 42. e4 $2 (42. Rg1 $18 {has better winning chances.} Bb6 43. e4) 42... Nxf2 $16 43. Qd8+ Kg4 44. Rg1+ Kh3 45. Qxd6 (45. Qg5 $1 $14 Qf4+ 46. Qxf4 Nd3+ 47. Kd2 Nxf4 48. Ke3) 45... Nxe4 $11 46. Rh1+ Kg4 47. Rg1+ Kh3 48. Qe5 {Rh1+ would kill now.} Qf5 {Strongly threatening ...f2.} 49. Rh1+ $1 Kg4 {White must now prevent ...c4.} 50. Rg1+ Kh3 {...Qxe5 is the strong threat.} 51. Rh1+ $1 $40 {[%mdl 128] White has some attack.} Kg4 {Threatens to win with ...c4.} 52. d6 $2 {[%mdl 8192]} (52. Rg1+ $11 Kh3) 52... Qxe5 $19 53. Bxe5 {[%mdl 4096] Endgame KRB-KBN} f2 54. d7 Bb6 55. Kd1 $2 {[#]} (55. b4 Kf3 56. Kc2) 55... Kf3 $1 {Black is clearly winning.} 56. Rf1 (56. Kc2 $142 g5 57. a4) 56... g5 {[%cal Bg6g5,Bg5g4][%mdl 32] And now ...g4 would win.} 57. Bb8 (57. b4 $142 cxb4 58. Bd4) 57... g4 58. Ba7 Bd8 {Precision: White = 51%, Black = 50%.} ({But not} 58... Ng3 $2 {[#]} 59. Rxf2+ $1 {[%mdl 512]} Kxf2 60. Bxb6 $18) 0-1

[Event "17th Delhi GM Open 2019"]
[Site "Delhi"]
[Date "2019.01.15"]
[Round "9"]
[White "Navalgund, Niranjan"]
[Black "Lugovskoy, Maxim"]
[Result "0-1"]
[WhiteElo "2327"]
[BlackElo "2445"]
[Annotator "TA"]
[PlyCount "62"]
[EventDate "2019.01.09"]
[EventType "swiss"]
[EventCountry "IND"]
[SourceTitle "playchess.com"]
[Source "ChessBase"]
[SourceQuality "1"]

{[%evp 11,62,0,1,2,11,20,17,0,-4,-8,0,-11,0,-103,-110,-118,-100,-143,-118,-147,-154,-147,-153,-135,-104,-137,-135,-218,-190,-383,-391,-391,-381,-389,-369,-554,-556,-1196,-1127,-1339,-1343,-1318,-1327,-29978,-29979,-29977,-29978,-29989,-29990,-29991,-29992,-29992,-29993]} 1. Nf3 d5 2. d4 e6 3. c4 a6 4. g3 (4. b3 Nf6 5. e3 dxc4 6. bxc4 c5 7. Bd3 cxd4 8. exd4 Bb4+ 9. Nbd2 O-O 10. Bb2 b5 11. c5 Bxc5 12. Bxh7+ Nxh7 13. dxc5 {½-½ (30) Artemiev,V (2706)-Rakhmanov,A (2634) Sochi 2018}) 4... dxc4 5. Bg2 b5 6. Ne5 {D30: Queen's Gambit Declined: Systems without Nc3} Ra7 {LiveBook: 5 Games} 7. a4 {Hoping for axb5.} Bb7 8. e4 {Threatening axb5.The position is equal.} Ra8 $146 ({Predecessor:} 8... Nc6 9. Nxc6 Bxc6 10. d5 exd5 11. exd5 Bb7 {1-0 (32) Loetscher,R (2410)-Salvetti,A (2222) Switzerland 2013}) 9. O-O Nd7 10. Qe2 Ngf6 11. Nc3 c6 12. Rd1 {[#]} (12. Nxd7 $11 {remains equal.} Qxd7 13. Rd1) 12... Nxe5 $1 $17 13. dxe5 Nd7 14. Bf4 Be7 15. Qg4 g5 $36 {[%mdl 2048] Strongly threatening ...h5. Black is on the roll.} 16. Be3 {[#]} h5 $1 {[%cal Rh5g4]} 17. Qe2 Qc7 18. f4 h4 19. axb5 (19. Rd2 $17) 19... cxb5 $19 20. Nd5 $2 (20. Rac1) 20... exd5 21. exd5 {White wants to play d6.} hxg3 22. d6 gxh2+ 23. Kf2 (23. Kh1 {was the only defense.} Qc6 24. dxe7) 23... Qc8 {White must now prevent ...gxf4.} 24. Rd5 gxf4 25. Bd4 Bh4+ 26. Kf1 Bg3 27. e6 h1=Q+ {Black mates.} 28. Bg1 Bxd5 29. exf7+ Kxf7 30. Qe7+ Kg6 {[%csl Gd5][%cal Rh1g2]} 31. Bxh1 Rxh1 {Accuracy: White = 40%, Black = 83%.} 0-1

[Event "17th Delhi GM Open 2019"]
[Site "Delhi"]
[Date "2019.01.15"]
[Round "9"]
[White "Prasannaa.s"]
[Black "Thipsay, Praveen M"]
[Result "0-1"]
[WhiteElo "2268"]
[BlackElo "2405"]
[Annotator "TA"]
[PlyCount "58"]
[EventDate "2019.01.09"]
[EventType "swiss"]
[EventCountry "IND"]
[SourceTitle "playchess.com"]
[Source "ChessBase"]
[SourceQuality "1"]

{[%evp 29,57,0,5,-30,-37,-29,0,-117,-125,-150,-156,-304,-312,-315,-312,-291,-296,-279,-260,-313,-266,-993,-996,-29970,-29970,-29993,-29994,-29994,-29995,-29999]} 1. Nf3 Nf6 2. c4 g6 3. Nc3 Bg7 4. e4 d6 5. d4 O-O 6. Be2 e5 7. dxe5 dxe5 8. Qxd8 Rxd8 9. Bg5 Re8 10. Nd5 Nxd5 11. cxd5 c6 12. Bc4 cxd5 13. Bxd5 Na6 14. Ke2 Nc7 15. Bb3 {E92: King's Indian: Classical: 6 Be2 e5: 7 dxe5, 7 Be3 and Petrosian System without 7...Nbd7} Bd7 {LiveBook: 8 Games} 16. Be3 $146 ({Predecessor:} 16. Nd2 Ne6 17. Be3 Nd4+ 18. Bxd4 exd4 19. Kd3 Bh6 20. Bd5 Rac8 21. Nc4 Rc5 22. f4 Be6 23. Bxe6 Rxe6 {½-½ (45) L'Ami,E (2439)-Nijboer,F (2588) Dieren 2003}) 16... Bb5+ 17. Ke1 {Black is slightly better.} Ne6 18. Rc1 (18. Ng5 $11 {keeps the balance.}) 18... Nf4 $1 $17 19. Bxf4 exf4 20. Ng5 {[#]} (20. Rc5 $17 Rxe4+ 21. Kd1) 20... Re5 $1 $19 {[%cal Re5g5]} 21. h4 {[#]} h6 $1 {[%cal Bh7h6,Bh6g5][%mdl 32]} 22. Bxf7+ Kf8 23. Bxg6 hxg5 24. Rc7 Bc6 25. f3 $2 (25. Ke2) 25... Rc5 26. Rh2 Rd8 {Black mates.} 27. e5 Rc1+ 28. Ke2 Bb5+ {[%mdl 64] Discovered Attack} 29. Kf2 Rd2# {Accuracy: White = 21%, Black = 76%.} 0-1

[Event "17th Delhi GM Open 2019"]
[Site "Delhi"]
[Date "2019.01.15"]
[Round "9"]
[White "Ziatdinov, Raset"]
[Black "Movsziszian, Karen"]
[Result "0-1"]
[WhiteElo "2248"]
[BlackElo "2514"]
[Annotator "TA"]
[PlyCount "133"]
[EventDate "2019.01.09"]
[EventType "swiss"]
[EventCountry "IND"]
[SourceTitle "playchess.com"]
[Source "ChessBase"]
[SourceQuality "1"]

{[%evp 19,133,46,41,0,0,4,19,9,29,0,22,0,0,0,0,0,0,0,-4,0,0,-13,0,-44,-50,-123,-134,-121,-107,-113,-116,-95,-124,-91,-130,-123,-123,-128,-128,-122,-103,-91,-61,-60,-66,-128,-78,-48,-41,-69,-48,-74,-55,-62,-97,-78,0,0,0,0,0,0,0,0,0,0,0,-379,-319,-793,0,0,0,0,0,-81,-16,-16,52,16,14,14,443,404,543,0,0,0,0,0,0,-2121,-1865,-1650,-1262,-29976,-29973,-29974,-29975,-29974,-29976,-29976,-29977,-29978,-29979,-29979,-29980,-29980,-29981,-29981,-29982,-29982,-29983,-29982,-29983,-29982]} 1. e4 g6 2. d4 Bg7 3. Nf3 d6 4. Be2 Nf6 5. Nc3 O-O 6. O-O e6 7. Bg5 {B08: Pirc Defence: Classical System} h6 8. Be3 Nc6 9. h3 a6 10. Qd2 Kh7 {LiveBook: 4 Games} 11. g4 $146 ({Predecessor:} 11. Rad1 b5 12. Bd3 Nb4 13. e5 Nd7 14. Be4 d5 {1-0 (40) Aitbayev,A (2427)-Rozum,I (2590) Yerevan 2017}) 11... d5 12. e5 Ne4 13. Nxe4 dxe4 14. Nh2 f6 15. exf6 Qxf6 {[%cal Rc6d4]} 16. g5 Qd8 17. gxh6 Bxd4 18. c3 Bxe3 19. Qxe3 e5 $36 {[%mdl 2048] Black is more active.} 20. Bg4 Bf5 21. Rad1 Qh4 $1 22. Bxf5 (22. Qg3 $15 Qxh6 23. Rfe1) 22... gxf5 $17 23. Rd7+ Kh8 24. Rxc7 Rad8 $1 {[%cal Ba8d8,Bd8d3,Bd3e3][%mdl 32]} 25. Rg7 ({Not} 25. Rxb7 $2 Rd3 $19) 25... Rd3 26. Nf3 Qf6 27. Ng5 {Threatens to win with Nh7.} Rxe3 28. Rh7+ Kg8 29. Rg7+ {[#]} Qxg7 $1 30. hxg7 Kxg7 (30... Rd3 {seems wilder.} 31. gxf8=Q+ Kxf8 32. Ne6+ Ke7 33. Nc5 Rd2) 31. fxe3 {[%mdl 4096] Endgame Hoping for Ne6+. KRN-KRN} Rh8 32. Kg2 (32. Ne6+ $1 $15 Kf6 33. Nc5) 32... Kg6 33. Ne6 Nd8 34. Nc5 Nf7 $1 35. Rd1 b6 36. Nd7 f4 $1 37. Nxb6 Ng5 ({Black should play} 37... Kf5 $1 $17) 38. Nc4 Kf5 39. Rh1 Rd8 40. h4 Nf3 41. Kf2 $1 Rd3 42. h5 {Strongly threatening h6.} Nd2 43. h6 $2 {[%mdl 8192]} (43. Na5 $11 Nf3 44. Nc4) 43... Nxc4 $19 {KRN-KR} 44. h7 $2 (44. Rh5+ Kg4 45. h7 Rd2+ 46. Kg1 Rd1+ 47. Kh2) 44... Rd8 $2 (44... Rd2+ $19 45. Kg1 Rd1+ 46. Kh2 Rd8 47. exf4 exf4) 45. h8=Q $11 Rxh8 46. Rxh8 Nxe3 {KR-KN} 47. Rf8+ (47. Ke2 $11 {remains equal.}) 47... Ke6 $17 {[%mdl 1024] Black has strong compensation.} 48. Ke2 Ng4 (48... Nf5 $11) 49. b4 {Black should prevent c4.} f3+ 50. Ke1 Kd5 $2 {[%mdl 8192] [#]} (50... Ke7 $1 $11 {and Black stays safe.} 51. Rg8 Nf6) 51. a4 $1 $18 Ne3 52. a5 $2 ({Only move:} 52. b5 $18) 52... Kc4 $1 $11 53. Rc8+ Kd3 {White must now prevent ...Nc2+.} 54. Rd8+ Kc4 55. Kf2 $2 {[%mdl 8192]} (55. Rc8+ $11 Kd3 56. Rd8+ Kc4 57. Rc8+) 55... Ng4+ $19 56. Kg3 f2 57. Rd1 e3 {Black mates.} 58. Kf3 Nh2+ 59. Kxe3 f1=Q 60. Rxf1 Nxf1+ {KN-K3P} 61. Ke4 Nd2+ 62. Kxe5 Kxc3 63. b5 axb5 64. a6 Nc4+ 65. Kd5 {[#]} Kb4 $1 66. a7 Nb6+ 67. Kd4 {Accuracy: White = 51%, Black = 64%.} 0-1